Welcome to CU Library Online Public Access Catalogue (OPAC)

JANE EYRE (Record no. 7623)

MARC details
000 -LEADER
fixed length control field 00312nam a22001337a 4500
005 - DATE AND TIME OF LATEST TRANSACTION
control field 20250920144812.0
008 - FIXED-LENGTH DATA ELEMENTS--GENERAL INFORMATION
fixed length control field 250920b |||||||| |||| 00| 0 eng d
050 ## - LIBRARY OF CONGRESS CALL NUMBER
Classification number PR4167
Item number .J3 BRO
100 ## - MAIN ENTRY--PERSONAL NAME
Personal name BRONTE CHARLOTTE
245 ## - TITLE STATEMENT
Title JANE EYRE
260 ## - PUBLICATION, DISTRIBUTION, ETC.
Place of publication, distribution, etc. LONDON
Name of publisher, distributor, etc. COLLINS
Date of publication, distribution, etc. 1959
300 ## - PHYSICAL DESCRIPTION
Extent 509p
942 ## - ADDED ENTRY ELEMENTS (KOHA)
Source of classification or shelving scheme Library of Congress Classification
Koha item type Books
Suppress in OPAC No
999 ## -
-- 7623
-- 7623
Holdings
Withdrawn status Lost status Source of classification or shelving scheme Damaged status Not for loan Collection Home library Current library Shelving location Date acquired Total checkouts Full call number Barcode Date last seen Copy number Price effective from Koha item type
    Library of Congress Classification     Fiction Undergraduate Library (Christ Temple) Undergraduate Library (Christ Temple) General stacks 09/20/2025   PR4167.J3 BRO ulct00004893 09/20/2025 1 09/20/2025 Books
© 2023-2024 Copyright: Central University Libraries. All Rights Reserved | Created by: Mahone Tech Office